000 00832nas a2200277 4500
001 BR0901691
003 BR-BrBNA
005 20231205112624.0
007 ta
008 230509b bl.|||p| |||| 00| 00por d
040 _aBR-BrBNA
_bpor
_cBiblioteca Nacional de Agricultura
041 _a(Pt)
072 _aF04
100 1 _aBatista, R.O.
100 1 _aSoares, A.A.
100 1 _aSouza, J.A.R. de
100 1 _aBatista, R.O.
245 1 _aModelos empiricos da irrigação localizada com esgoto sanitario tratado
650 _aAGUAS RESIDUAIS
650 _aFERTIRRIGAÇÃO
650 _aIRRIGAÇÃO LOCALIZADA
650 _aGOTEJADOR
773 0 _tEngenharia na Agricultura (Brazil)
_xISSN 1414-3984
_g(Jul-Sep 2008), v. 16(3) p. 369-377
_wBR0901691
909 _a202311
_bLúcia
_c55
_dLúcia Elande
942 _2AGRIS
_n0
_cANA
999 _c199013
_d199013